Manchester City highest rated FIFA cards ever - Statistics

General Stats
  • This quiz has been taken 140 times
  • The average score is 25 of 30
Answer Stats
Pos Answer % Correct
1 Kevin De Bruyne (Award winner SBC, FIFA 20, 99 rated)
94%
24 Kevin De Bruyne (FOF, FIFA 18, 95 rated)
94%
4 Kevin De Bruyne (Summer Stars, FIFA 21, 98 rated)
94%
29 Kevin De Bruyne (TOTS, FIFA 17, 95 rated)
94%
11 Kevin De Bruyne (TOTS, FIFA 18, 96 rated)
94%
2 Kevin De Bruyne (TOTS, FIFA 20, 99 rated)
94%
18 Kevin De Bruyne (TOTS, FIFA 21, 96 rated)
94%
27 Kevin De Bruyne (TOTW, FIFA 16, 95 rated)
94%
20 Kevin De Bruyne (TOTW, FIFA 20, 96 rated
94%
25 Kevin De Bruyne (TOTW Moments, FIFA 20, 95 rated)
94%
10 Kevin De Bruyne (TOTY, FIFA 18, 96 rated)
94%
8 Kevin De Bruyne (TOTY, FIFA 19, 97 rated)
94%
5 Kevin De Bruyne (TOTY, FIFA 20, 98 rated)
94%
16 Kevin De Bruyne (TOTY, FIFA 21, 96 rated)
94%
14 Kevin De Bruyne (TOTY, FIFA 22, 96 rated)
94%
26 Sergio Agüero (TOTS, FIFA 16, 95 rated)
92%
6 Sergio Agüero (TOTS, FIFA 18, 97 rated)
92%
17 Sergio Agüero (TOTS, FIFA 19, 96 rated)
92%
19 Sergio Agüero (TOTS, FIFA 20, 96 rated)
92%
9 David Silva (EOE, FIFA 20, 97 rated)
80%
22 David Silva (TOTS, FIFA 18, 95 rated)
80%
12 Raheem Sterling (Award Winner, FIFA 19, 96 rated)
71%
15 Raheem Sterling (Summer Stars, FIFA 21, 96 rated)
71%
13 Raheem Sterling (TOTS, FIFA 19, 96 rated)
71%
7 Rúben Dias (TOTY, FIFA 22, 97 rated)
67%
23 Vincent Kompany (Premium SBC, FIFA 18, 95 rated)
61%
3 Phil Foden (FOF PTG, FIFA 21, 98 rated)
59%
28 Phil Foden (Summer Heat, FIFA 20, 95 rated)
59%
21 Riyad Mahrez (TOTS, FIFA 20, 95 rated)
45%
30 Aymeric Laporte (Summer Stars, FIFA 21, 95 rated)
28%
No matching quizzes found
Score Distribution
Percent of People with Each Score
Percentile by Number Answered
Your Score History
You have not taken this quiz